| 000 | 00511nam a22001817a 4500 | ||
|---|---|---|---|
| 003 | MPLRDC | ||
| 005 | 20220104203534.0 | ||
| 008 | 210129b ||||| |||| 00| 0 eng d | ||
| 020 | _a978-967-414-345-9 | ||
| 082 | _a427.1 KJJ | ||
| 100 | _a邝静君 SARA KHONG | ||
| 245 |
_a极简家常菜 _cWESTLIGHT PHOTOGRAPHY 摄影 |
||
| 250 | _a初版 | ||
| 260 |
_a马来西亚 _b海滨出版(马)有限公司 SEASHORE PUBLISHING (M) SDN BHD _c2018 |
||
| 300 | _b平 | ||
| 650 | _a食谱 | ||
| 942 |
_cNB _o427.1 KJJ |
||
| 999 |
_c68174 _d68164 |
||